000
00258nam a2200097Ia 4500
001
691267
005
20250826161832.0
008
250824s9999 xx 000 0 und d
245
0
_a
ARAMIZDAKİ EN KISA MESAFE
_c
BARIŞ MBIÇAKCI
260
_b
İLETİŞİM YAYINLARI
999
_c
691267
_d
691267